[Event "MEX-ch 26 (Women)"]
[Site "Merida"]
[Date "2019.05.12"]
[Round "1"]
[White "Diaz Osorio, Ana Carolina"]
[Black "Castillo Alanis, Laura Rosa"]
[Result "1/2-1/2"]
[WhiteElo "1612"]
[BlackElo "1284"]
[PlyCount "94"]
[EventDate "2019.05.12"]
[EventType "swiss"]
[EventRounds "6"]
[EventCountry "MEX"]
[SourceTitle "EXT 2020"]
[Source "ChessBase"]
[SourceDate "2019.10.17"]
[SourceVersion "1"]
[SourceVersionDate "2019.10.17"]
[SourceQuality "1"]

1. c4 f5 2. Nc3 Nf6 3. g3 e6 4. Bg2 Be7 5. d3 0-0 6. Bg5 d6 7. Nf3 Qe8 8. 0-0 c6 9. b4 Nbd7 10. Rb1 Rb8 11. a4 c5 12. Nb5 a6 13. Nc3 Qd8 14. b5 a5 15. Qd2 b6 16. e3 Ne8 17. h4 h6 18. Bxe7 Qxe7 19. d4 Nef6 20. Nh2 Bb7 21. d5 e5 22. e4 fxe4 23. Bxe4 Nxe4 24. Nxe4 Nf6 25. Rbe1 Qd7 26. f4 exf4 27. Qxf4 Nxe4 28. Qxe4 Rbc8 29. Rxf8+ Rxf8 30. Qe6+ Qxe6 31. Rxe6 Rd8 32. Kf2 Kf7 33. Ke3 Bc8 34. Re4 Re8 35. Nf3 Rxe4+ 36. Kxe4 Kf6 37. Ne1 Bf5+ 38. Kf3 g6 39. Ke3 Bg4 40. Nd3 Bf5 41. Nb2 g5 42. Nd1 gxh4 43. gxh4 Ke5 44. Nc3 Bg6 45. Nd1 Bf5 46. Nf2 Kf6 47. Ne4+ Bxe4 1/2-1/2